000 01894nam a2200337 i 4500
999 _c65548
_d65548
001 768714001
003 CO-MdFUSB
005 20200528104840.0
007 ta
008 200327t2004 mau |||| |||| 00| 0 eng d
020 _a9781565633544
040 _aCO-MdFUSB
_bspa
_cCO-MdFUSB
_dCO-MdFUSBC
_erda
041 _aeng
082 _223
_a248.29
_bF352
100 _aFerguson, Everett.
_eautor
245 _aInheriting wisdom: readings for today from ancient christian writers.
_c/ Everett Ferguson
264 1 _aMassachusetts :
_bHendrickson Publishers,
_c[2004]
264 4 _c© 2004
300 _a319 páginas
_c; 23 cm
336 _2rdacontent
_atexto
_btxt
337 _2rdamedia
_asin mediación
_bn
338 _2rdacarrier
_avolumen
_bnc
500 _aColección Dawn Christina Harrell
505 _aTrabajo. -- Matrimonio. -- Roles y relaciones familiares. -- Amigos. -- Educación y áreas de conocimiento. -- El cuerpo humano y su cuidado. -- Dinero y tiempo. -- Gobierno y autoridad. -- El ser interno. -- actitudes y acciones positivas. -- Actitudes y acciones negativas. -- El poder del bien. -- Virtud. -- Gracia. -- Evangelio. -- Libre albedrío. -- Cambio -Arrepentimiento. -- Confesión de pecado. -- Fe. -- Confesión de fe. -- Bautismo. -- Salvación. -- Dios. -- Cristo. -- El Espíritu Santo. -- Seres espirituales. -- Naturaleza humana. -- La Iglesia. -- Revelación. -- Las últimas cosas - Vida cristiana: descripciones generales. -- Algunos principios para la vida cristiana. -- El nombre cristiano. -- Cristianos judíos. -- Espiritualidad y disciplinas espirituales. -- Adoración - Oración. -- Desafíos para la vida cristiana. -- Algunas características de la vida cristiana.
563 _aRústico
650 0 _919
_aVida cristiana
650 0 _9153
_aHistoria de la Iglesia
942 _cBK
945 _aJTF-925
_bAEM-53